| 000 | 01035nam a22003137a 4500 | ||
|---|---|---|---|
| 003 | CHAP | ||
| 005 | 20220329143535.0 | ||
| 008 | 100426s1991 us r 00010 eng d | ||
| 010 | _a98249 | ||
| 011 | _a99221 | ||
| 020 | _a082711413 | ||
| 035 | _a109906 | ||
| 040 | _cCHAP | ||
| 082 | 1 | 4 |
_a580.7447471 _bT15 |
| 100 | 1 |
_aTanner, Ogden _9111600 |
|
| 245 | 1 | 4 |
_aThe New York botanical garden : _ban ilustrated chronicle of plants and people _c/por Ogden Tanner y Adele Auchincloss |
| 260 |
_aNew York : _bWalker and Company, _cc1991 |
||
| 300 |
_a190 p. : _bilus. |
||
| 590 |
_aBATCH-UPD _b10 _c20130110 _lUCH01 _h1307 |
||
| 590 |
_aBATCH-UPD _b10 _c20130410 _lUCH01 _h0822 |
||
| 590 |
_aBATCH-UPD _b10 _c20130914 _lUCH01 _h0428 |
||
| 590 |
_aCONVERSION _b10 _c20130109 _lUCH01 _h1354 |
||
| 650 | 1 | 4 |
_aHerbarios. _953677 |
| 650 | 1 | 4 |
_aJardines botánicos _xE.U.A. _961164 |
| 700 | 1 |
_aAuchincloss, Adele _98298 |
|
| 901 | _aBK | ||
| 942 | _cLIBRO | ||
| 949 |
_a580.7447471 T15 _bBC _cLIBRO _d33724002170405 _eLIBRO _gDonaciØn _h112394 _i109906 _sb |
||
| 999 |
_c98249 _d98249 |
||